000 03725nam0a2200457 4500
001 RU\NLR\BIBL_A\012905938
005 20221212140403.0
010 _a978-5-9631-0945-8
_9150
021 _aRU
_bКН-П-22-054589
_9КН-П-22-4734
035 _a(NLR Aleph) 012905938
035 _a(RuMoRGB)011180343
090 _a12597803
_c12597804
100 _a20221010d2022 k y0rusy50 ca
101 0 _arus
102 _aRU
105 _aac z 010zy
181 0 _ai
_baxxe
182 0 _an
200 1 _aЦентрально-Кавказский высокогорный природный очаг чумы
_eэпизоотология, эпидемиология, микробиология возбудителя
_eмонография
_fА. Н. Куличенко, В. М. Дубянский, М. П. Григорьев [и др.]
_gпод редакцией доктора медицинских наук, профессора, члена-корреспондента РАН А. Н. Куличенко, доктора биологических наук В. М. Дубянского
203 _aТекст
_bвизуальный
_cнепосредственный
210 _aСтаврополь
_cПринт
_d2022
215 _a207 с.
_cил., цв. ил., портр., табл.
_d24
300 _aАвт. указаны на обороте тит. с.
300 _aПосвящ. 70-летию Ставропол. противочум. ин-та
320 _aБиблиогр.: с. 162-200 (436 назв.)
330 _aВ монографии обобщены результаты многолетнего изучения Центрально-Кавказского природного очага чумы. В хронологическом порядке изложены сведения, свидетельствующие об эпидемических проявлениях чумы на Центральном Кавказе, а также история изучения очага, начиная с момента открытия. Дана физико-географическая характеристика территории, в частности, описаны ландшафтно-климатические условия обитания основного носителя чумы-горного суслика. Приведены данные о микробиологии и генетике возбудителя чумы в Центрально-Кавказском высокогорном природном очаге. Описаны свойства штаммов, их генетическая вариабельность, выявлены территориальные закономерности распределения штаммов
606 1 _aЧума
_xЭпидемиология
_yКавказ Центральный
_92536392
_3RU\NLR\AUTH\6601715577
606 1 _aЧумные бактерии
_91089174
_3RU\NLR\AUTH\66107962
606 1 _aЧума
_xЭпизоотология
_yКавказ Центральный
_92536395
_3RU\NLR\AUTH\6601715579
675 _a616.98:578.833.31(479)
_v4
686 1 _aР192.9(2Р37)
686 1 _aР194.78
686 1 _aР264.923.3
686 1 _aП873.230-0(2Р37)
701 1 _aКуличенко
_bА. Н.
_gАлександр Николаевич
701 1 _aДубянский
_bВ. М.
_gВладимир Маркович
701 1 _7ca
_8rus
_aГригорьев
_bМ. П.
_cканд. биол. наук
_f1957-
_gМихаил Павлович
_9249532
_3RU\NLR\AUTH\770249588
942 _cBOOK
980 _aNB